Music Quiz

Random Music Quiz

1992 Top 3 Singles Australia Quiz Stats

Quiz not verified by Sporcle

Challenge
Share
Tweet
Embed
Score 0/26 Timer 05:00
0 Plays Today
Artist & Title Hint Completed Title % Correct
Red Hot Chili Peppers - UTBUnder The Bridge
100%
Kris Kross - JJump
88.9%
Whitney Houston - IWALYI Will Always Love You
88.9%
Michael Jackson - BOWBlack Or White
83.3%
Mr. Big - TBWYTo Be With You
83.3%
Billy Ray Cyrus - ABHAchy Breaky Heart
83.3%
Boyz II Men - EOTREnd Of The Road
83.3%
Vanessa Williams - STBFLSave The Best For Last
77.8%
Salt-n-Pepa - LTASLet's Talk About Sex
72.2%
Shakespeare's Sister - SStay
66.7%
Snap! - RIADRhythm Is A Dancer
61.1%
Richard Marx - HHazard
55.6%
Julian Lennon - SSaltwater
50%
Artist & Title Hint Completed Title % Correct
Bobby Brown - HAHumpin' Around
50%
John Paul Young - LIITALove Is In The Air [Ballroom Mix]
44.4%
Janet Jackson & Luther Vandross - TBTILAFThe Best Things In Life Are Free
44.4%
Wendy Matthews - TDYWAThe Day You Went Away
38.9%
2 Unlimited - GRFTGet Ready For This
38.9%
George Michael - TFToo Funky
33.3%
The Twelfth Man feat MCG Hammer - MMarvellous!
27.8%
Euphoria - LYRLove You Right
22.2%
Girlfriend - TIFMTake It From Me
22.2%
Euphoria - OIAMOne In A Million
16.7%
KWS - PDGPlease Don't Go
16.7%
José Carreras & Sarah Brightman - APSAmigos Para Siempre (Friends For Life)
11.1%
Kate Bush - RMRocket Man
11.1%

You're not logged in!

Compare scores with friends on all Sporcle quizzes.
Join for Free
OR
Log In

You Might Also Like...

Show Comments

Extras

Top Quizzes Today


Score Distribution

Your Account Isn't Verified!

In order to create a playlist on Sporcle, you need to verify the email address you used during registration. Go to your Sporcle Settings to finish the process.

Report this User

Report this user for behavior that violates our Community Guidelines.

Details: